000 00937nam a2200217 i 4500
001 164167
003 ES-MaACL
005 20230906212902.0
008 950206s1889 sp |||| | spa d
040 _aCARM
100 1 _aRuiz del Arbol, Emilio.
_9132189
245 1 4 _aLos buques submarinos /
_cpor Emilio Ruiz del Arbol.
260 _aMadrid :
_b[s.n.],
_c1889 (
_fImp. Popular)
300 _a88 p. ;
_c20 cm.
505 8 _aContiene: ;
_tAtaque y destrucción del confederado Albemarle /
_rpor Cushing (p. 76-88)
530 _aDisponible en formato digital.
650 4 _aSubmarinos.
_9155749
852 _aES-MaACL
_jFol-Laf-391
_z- Rust.
_z. - Legado M. de la Fuente
852 _aES-MaACL
_jT-575-F-6
_z- Enc. hol. conservando la cub. original
_z- Ded. autógr. del autor a Enrique Fdez. Villaverde
_z- Enc. en un vol. facticio
856 _uhttp://bdh-rd.bne.es/viewer.vm?id=0000001590&page=1
_zBiblioteca Digital Hispánica
999 _c164167
_d164167